Sports Quiz

Random Sports or Clickable Quiz

Follow That Onion Headline (Sports) Quiz Stats

Quiz Updated Nov 19, 2012

Challenge
Share
Tweet
Embed
Score 0/30 Timer 06:00
13 Plays Today
% Correct
David Beckham
82.4%
Tim Tebow
78.4%
Eli Manning
78%
Cristiano Ronaldo
77.5%
Brett Favre
76.5%
Sidney Crosby
72.7%
Jimmie Johnson
71.7%
Lance Armstrong
70.9%
Usain Bolt
70%
Derek Jeter
68.9%
Babe Ruth
68.8%
Kobe Bryant
65.4%
Jeremy Lin
65.1%
Jose Canseco
64.3%
Hulk Hogan
61.4%
% Correct
Michael Phelps
61%
David Ortiz
60.7%
Manny Pacquiao
60.1%
Tom Brady
59.9%
Ken Griffey Jr.
59.4%
Bill Belichick
54.1%
Serena Williams
51.3%
Michael Vick
48.8%
Carmelo Anthony
48.5%
John Madden
45.5%
Roger Federer
43.2%
Tiger Woods
41.3%
Mike Tyson
35.3%
Bob Costas
32%
Michelle Kwan
27.6%

You're not logged in!

Compare scores with friends on all Sporcle quizzes.
Sign Up with Email
OR
Log In

You Might Also Like...

Show Comments

Extras

Top Quizzes Today


Score Distribution

Your Account Isn't Verified!

In order to create a playlist on Sporcle, you need to verify the email address you used during registration. Go to your Sporcle Settings to finish the process.